[Event "USA-ch (Women)"]
[Site "Chandler"]
[Date "1997.??.??"]
[Round "1"]
[White "Akhsharumova, Anna M"]
[Black "Krush, Irina"]
[Result "1/2-1/2"]
[WhiteElo "2305"]
[BlackElo "2260"]
[PlyCount "91"]
[EventDate "1997.??.??"]
[EventType "tourn"]
[EventRounds "9"]
[EventCountry "USA"]
[SourceTitle "EXT 1999"]
[Source "ChessBase"]
[SourceDate "1998.11.16"]
[SourceVersion "1"]
[SourceVersionDate "1998.11.16"]
[SourceQuality "1"]

1. d4 d5 2. c4 dxc4 3. e3 Nf6 4. Bxc4 e6 5. Nf3 c5 6. 0-0 a6 7. b3 b5 8. Be2 Bb7 9. Bb2 Nbd7 10. a4 b4 11. Nbd2 Be7 12. Nc4 0-0 13. Nfe5 Qc7 14. Rc1 Rfd8 15. Qe1 Rac8 16. f3 Qb8 17. Na5 Nxe5 18. dxe5 Nd5 19. Nc4 Qc7 20. Qg3 f5 21. f4 Nb6 22. Nd6 Bxd6 23. exd6 Qf7 24. Be5 Nd7 25. Bc4 Nf6 26. Rfd1 Rd7 27. Qe1 Ne4 28. Qe2 Rc6 29. Rd3 h6 30. Rcd1 Kh7 31. Qf3 Rc8 32. Qh3 Qg6 33. Kf1 Rcd8 34. Ke2 Rc8 35. Rg1 h5 36. Rgd1 Rcd8 37. Rg1 Rc8 38. Rgd1 Rcd8 39. Kf1 Rc8 40. Rc1 Rcd8 41. Rcd1 Re8 42. g3 Red8 43. Qh4 Re8 44. Rc1 Red8 45. Rdd1 Kh6 46. Rd3 1/2-1/2

[Event "USA-ch (Women)"]
[Site "Parsippany"]
[Date "1996.??.??"]
[Round "5"]
[White "Akhsharumova, Anna M"]
[Black "Belakovskaia, Anjelina"]
[Result "1/2-1/2"]
[WhiteElo "2340"]
[BlackElo "2350"]
[PlyCount "139"]
[EventDate "1996.07.??"]
[EventType "tourn"]
[EventRounds "9"]
[EventCountry "USA"]
[SourceTitle "EXT 1998"]
[Source "ChessBase"]
[SourceDate "1997.11.17"]
[SourceVersion "1"]
[SourceVersionDate "1997.11.17"]
[SourceQuality "1"]

1. d4 Nf6 2. c4 g6 3. Nc3 Bg7 4. e4 d6 5. f3 0-0 6. Be3 c5 7. Nge2 Nc6 8. d5 Ne5 9. Ng3 h5 10. Be2 Nh7 11. h3 e6 12. Qd2 exd5 13. cxd5 h4 14. Nf1 a6 15. f4 Nd7 16. a4 Re8 17. Qd3 Qb6 18. Rb1 Qb4 19. Nd2 Ndf6 20. Bf3 Nxe4 21. Ncxe4 Bf5 22. Qa3 Bxe4 23. Qxb4 cxb4 24. Nxe4 f5 25. Nxd6 Rxe3+ 26. Kd2 Re7 27. Rhe1 Rd7 28. Nc4 Rad8 29. Kc2 Bh6 30. Re6 Nf8 31. Rb6 Bxf4 32. Kb3 Bg3 33. Rxb4 Bf2 34. Ka2 Bc5 35. Rb3 Nh7 36. d6 Bxd6 37. Bxb7 Nf6 38. Bxa6 Ra7 39. Bb5 Bg3 40. Ra3 Ne4 41. b4 Rc7 42. Rb2 Be1 43. Re3 Rd1 44. Kb3 Rc1 45. Rbe2 Bc3 46. Rd3 Bf6 47. Na3 R7c3+ 48. Rxc3 Rxc3+ 49. Ka2 Be7 50. Nb1 Rc1 51. Rb2 Bf6 52. Rb3 Nd2 53. Rb2 Rxb1 54. Rxb1 Nxb1 55. Kxb1 Bc3 56. Bc4+ Kf8 57. b5 Ba5 58. Kb2 Ke7 59. Kb3 Kd6 60. Bf7 g5 61. Bc4 g4 62. Bf7 gxh3 63. gxh3 Be1 64. Bh5 Kc7 65. Bf3 Bf2 66. Kc4 Kb6 67. Kd5 Be3 68. Ke5 Bf2 69. Kxf5 Bg3 70. Kg5 1/2-1/2

[Event "Reykjavik op"]
[Site "Reykjavik"]
[Date "1996.??.??"]
[Round "9"]
[White "Pinkus, Lutz"]
[Black "Akhsharumova, Anna M"]
[Result "1/2-1/2"]
[WhiteElo "2185"]
[BlackElo "2385"]
[PlyCount "124"]
[EventDate "1996.03.??"]
[EventType "swiss"]
[EventRounds "9"]
[EventCountry "ISL"]
[SourceTitle "CBM 052"]
[Source "ChessBase"]
[SourceDate "1996.06.01"]
[SourceVersion "1"]
[SourceVersionDate "1996.06.01"]
[SourceQuality "1"]

1. e4 g6 2. d4 Bg7 3. Nc3 d6 4. f4 Nf6 5. Nf3 0-0 6. Bd3 Na6 7. e5 dxe5 8. dxe5 Nd5 9. Nxd5 Qxd5 10. Qe2 Bf5 11. Bxf5 gxf5 12. Be3 Nb4 13. 0-0 Rad8 14. a3 Nc6 15. Rfd1 Qe6 16. Ng5 Qg6 17. Qb5 h6 18. Nf3 b6 19. Qc4 Kh7 20. Rxd8 Rxd8 21. Nh4 Qe6 22. Qxe6 fxe6 23. Nf3 Kg6 24. Kf2 Kf7 25. Ke2 Ke8 26. Rd1 Rd5 27. c4 Rxd1 28. Kxd1 Na5 29. Nd2 Kd7 30. Kc2 Kc8 31. c5 b5 32. b3 Nc6 33. Nf3 Kb7 34. Kc3 a6 35. h4 Kc8 36. h5 Kb7 37. Bf2 Kc8 38. Nd4 Nxd4 39. Kxd4 Kd7 40. a4 c6 41. Be1 Kc8 42. Bc3 Kd7 43. Ke3 Ke8 44. Kf3 Kf7 45. g4 fxg4+ 46. Kxg4 Bf8 47. Kf3 Bg7 48. Ke4 Bh8 49. Bd4 Bg7 50. Kd3 Ke8 51. Kc3 Kd8 52. Kd2 Bh8 53. Kd3 Ke8 54. Bf2 Bg7 55. Bh4 Bf8 56. Kd4 Kd8 57. f5 exf5 58. e6 Bg7+ 59. Ke3 bxa4 60. bxa4 Be5 61. Kf3 Ke8 62. Bg3 Bxg3 1/2-1/2

[Event "USA-ch (Women)"]
[Site "Parsippany"]
[Date "1996.??.??"]
[Round "4"]
[White "Tverskaya, Julia"]
[Black "Akhsharumova, Anna M"]
[Result "0-1"]
[WhiteElo "2195"]
[BlackElo "2340"]
[PlyCount "90"]
[EventDate "1996.07.??"]
[EventType "tourn"]
[EventRounds "9"]
[EventCountry "USA"]
[SourceTitle "EXT 1998"]
[Source "ChessBase"]
[SourceDate "1997.11.17"]
[SourceVersion "1"]
[SourceVersionDate "1997.11.17"]
[SourceQuality "1"]

1. e4 d6 2. d4 Nf6 3. Nc3 g6 4. f4 Bg7 5. Nf3 0-0 6. Be2 Na6 7. 0-0 c5 8. e5 Nd7 9. Nb5 Nc7 10. exd6 Nxb5 11. dxe7 Qxe7 12. Bxb5 cxd4 13. Kh1 Qc5 14. a4 Nb6 15. b4 Qc7 16. Bb2 Bg4 17. Qd2 a6 18. Bd3 Rfd8 19. f5 Nc4 20. Bxc4 Qxc4 21. fxg6 fxg6 22. Rf2 Rac8 23. Ne1 Rf8 24. Rxf8+ Bxf8 25. Qxd4 Qf1+ 26. Qg1 Qxg1+ 27. Kxg1 Bxb4 28. Bd4 Ba5 29. Rb1 Bf5 30. Kf1 Be4 31. Bf2 Rc4 32. Rd1 Rxa4 33. Rd7 Bc6 34. Re7 Bb4 35. Re5 Bd6 36. Re6 Bf8 37. Nf3 Bb5+ 38. Kg1 Ra1+ 39. Re1 Rxe1+ 40. Nxe1 a5 41. Bd4 a4 42. Nf3 a3 43. Kf2 Bh6 44. Ba1 Bc1 45. Bd4 Ba4 0-1

[Event "Olympiad Women-29"]
[Site "Novi Sad"]
[Date "1990.11.29"]
[Round "11"]
[White "Juergens, Vera"]
[Black "Akhsharumova, Anna M"]
[Result "0-1"]
[WhiteElo "2235"]
[BlackElo "2395"]
[PlyCount "104"]
[EventDate "1990.11.17"]
[EventType "team-swiss"]
[EventRounds "14"]
[EventCountry "YUG"]
[SourceTitle "EXT 2019"]
[Source "ChessBase"]
[SourceDate "2018.10.10"]
[SourceVersion "1"]
[SourceVersionDate "2018.10.10"]
[SourceQuality "1"]
[WhiteTeam "Bulgaria (W)"]
[BlackTeam "United States (W)"]
[WhiteTeamCountry "BUL"]
[BlackTeamCountry "USA"]

1. d4 Nf6 2. c4 e6 3. Nc3 Bb4 4. Qc2 c5 5. dxc5 0-0 6. a3 Bxc5 7. Nf3 b6 8. e3 Bb7 9. Be2 d5 10. b4 Be7 11. Bb2 dxc4 12. Bxc4 Nbd7 13. 0-0 a6 14. Rad1 Qc7 15. Qb3 Ng4 16. e4 Nde5 17. Nxe5 Qxe5 18. g3 Qh5 19. h4 Bxh4 20. Kg2 Bf6 21. Rh1 Qe5 22. Rde1 Rac8 23. f3 b5 24. Nxb5 Qxb2+ 25. Qxb2 Bxb2 26. Nd6 Ne5 27. Nxc8 Rxc8 28. Be2 Bxa3 29. Rb1 Rc2 30. Kf2 g5 31. Ke3 Nc4+ 32. Kd3 Rd2+ 33. Kxc4 Rxe2 34. Rhd1 Bc6 35. Rb3 Bb5+ 36. Kc5 Rc2+ 37. Kb6 Bb2 38. f4 e5 39. Rd8+ Kg7 40. fxg5 Bd4+ 41. Kb7 Bc6+ 42. Kb8 Bxe4 43. Rd6 Rc6 44. Rh6 Bg6 45. Rh2 Rb6+ 46. Kc7 a5 47. b5 Be4 48. Rd2 Rb7+ 49. Kd6 Kg6 50. Re2 a4 51. Rb4 Bd3 52. Ra2 Bxb5 0-1

[Event "Olympiad Women-29"]
[Site "Novi Sad"]
[Date "1990.11.26"]
[Round "9"]
[White "Thipsay, Bagyashree Sathe"]
[Black "Akhsharumova, Anna M"]
[Result "0-1"]
[WhiteElo "2180"]
[BlackElo "2395"]
[PlyCount "84"]
[EventDate "1990.11.17"]
[EventType "team-swiss"]
[EventRounds "14"]
[EventCountry "YUG"]
[SourceTitle "EXT 2019"]
[Source "ChessBase"]
[SourceDate "2018.10.10"]
[SourceVersion "1"]
[SourceVersionDate "2018.10.10"]
[SourceQuality "1"]
[WhiteTeam "India (W)"]
[BlackTeam "United States (W)"]
[WhiteTeamCountry "IND"]
[BlackTeamCountry "USA"]

1. e4 g6 2. d4 c6 3. Nc3 d5 4. Nf3 Bg7 5. Be3 Bg4 6. Be2 Nf6 7. e5 Nfd7 8. h3 Bxf3 9. Bxf3 e6 10. Ne2 c5 11. c3 Nc6 12. 0-0 0-0 13. Qd2 cxd4 14. cxd4 Qb6 15. Rfd1 a5 16. Nc3 f6 17. exf6 Bxf6 18. Bg4 Ne7 19. Bg5 Bxg5 20. Qxg5 Nf5 21. Rd2 Rf6 22. Bxf5 Rxf5 23. Qe3 Raf8 24. Re1 R8f6 25. Qd3 Nf8 26. Re3 Rf7 27. Rde2 Rf4 28. Rd2 Qd8 29. Re5 Qf6 30. Qe3 Qd8 31. Qd3 Qc7 32. Re1 R7f6 33. Rf1 Qf7 34. Qg3 h5 35. Ne2 h4 36. Qe3 Re4 37. Qc3 g5 38. f3 g4 39. hxg4 Rxg4 40. Re1 Rxf3 41. Rd3 Rf2 42. g3 h3 0-1

[Event "Olympiad Women-29"]
[Site "Novi Sad"]
[Date "1990.11.25"]
[Round "8"]
[White "Akhsharumova, Anna M"]
[Black "Gaprindashvili, Nona"]
[Result "0-1"]
[WhiteElo "2395"]
[BlackElo "2435"]
[PlyCount "76"]
[EventDate "1990.11.17"]
[EventType "team-swiss"]
[EventRounds "14"]
[EventCountry "YUG"]
[SourceTitle "EXT 2019"]
[Source "ChessBase"]
[SourceDate "2018.10.10"]
[SourceVersion "1"]
[SourceVersionDate "2018.10.10"]
[SourceQuality "1"]
[WhiteTeam "United States (W)"]
[BlackTeam "Soviet Union (W)"]
[WhiteTeamCountry "USA"]
[BlackTeamCountry "URS"]

1. d4 Nf6 2. c4 e6 3. Nc3 Bb4 4. e3 c5 5. Bd3 0-0 6. Nge2 d5 7. a3 cxd4 8. exd4 dxc4 9. Bxc4 Be7 10. 0-0 Nbd7 11. Qd3 Nb6 12. Bb3 Bd7 13. Rd1 Bc6 14. Bg5 Nbd7 15. Bc2 Re8 16. b4 Nf8 17. Bb3 Ng6 18. b5 Bd5 19. Nxd5 Nxd5 20. Bxe7 Ngxe7 21. Ng3 Rc8 22. Ne4 Ng6 23. g3 Re7 24. Rac1 Rec7 25. Rxc7 Rxc7 26. Qd2 Nge7 27. Rc1 h6 28. Rc5 b6 29. Rxc7 Nxc7 30. a4 Nf5 31. d5 Nxd5 32. Nc3 Nfe7 33. Qd3 Qd6 34. Bc2 g6 35. h4 Qe5 36. Ne2 Kg7 37. Qc4 Nf5 38. Be4 Nd6 0-1

[Event "Olympiad Women-29"]
[Site "Novi Sad"]
[Date "1990.11.24"]
[Round "7"]
[White "Peng, Zhaoqin"]
[Black "Akhsharumova, Anna M"]
[Result "1/2-1/2"]
[WhiteElo "2335"]
[BlackElo "2395"]
[PlyCount "72"]
[EventDate "1990.11.17"]
[EventType "team-swiss"]
[EventRounds "14"]
[EventCountry "YUG"]
[SourceTitle "EXT 2019"]
[Source "ChessBase"]
[SourceDate "2018.10.10"]
[SourceVersion "1"]
[SourceVersionDate "2018.10.10"]
[SourceQuality "1"]
[WhiteTeam "China (W)"]
[BlackTeam "United States (W)"]
[WhiteTeamCountry "CHN"]
[BlackTeamCountry "USA"]

1. d4 Nf6 2. Nf3 e6 3. c4 b6 4. Bg5 Be7 5. Nc3 Bb7 6. e3 Ne4 7. Bxe7 Qxe7 8. Nxe4 Bxe4 9. a3 0-0 10. Be2 d6 11. 0-0 Nd7 12. Nd2 Bb7 13. b4 c5 14. Bf3 Bxf3 15. Nxf3 Rfc8 16. Rc1 Rc7 17. bxc5 bxc5 18. d5 e5 19. e4 Rb7 20. Rb1 Nb6 21. Qc2 Rab8 22. Rb5 a6 23. Rb2 Qd7 24. Rfb1 g6 25. h3 Qc7 26. Nd2 Nd7 27. Kf1 Rxb2 28. Rxb2 Rxb2 29. Qxb2 Qb6 30. Qb3 Qxb3 31. Nxb3 Nf6 32. f3 Kf8 33. Na5 Ke8 34. g4 h5 35. Kf2 hxg4 36. hxg4 g5 1/2-1/2

[Event "Olympiad Women-29"]
[Site "Novi Sad"]
[Date "1990.11.19"]
[Round "3"]
[White "Coull, Alison Jane"]
[Black "Akhsharumova, Anna M"]
[Result "0-1"]
[WhiteElo "2005"]
[BlackElo "2395"]
[PlyCount "66"]
[EventDate "1990.11.17"]
[EventType "team-swiss"]
[EventRounds "14"]
[EventCountry "YUG"]
[SourceTitle "EXT 2019"]
[Source "ChessBase"]
[SourceDate "2018.10.10"]
[SourceVersion "1"]
[SourceVersionDate "2018.10.10"]
[SourceQuality "1"]
[WhiteTeam "Scotland (W)"]
[BlackTeam "United States (W)"]
[WhiteTeamCountry "SCO"]
[BlackTeamCountry "USA"]

1. e4 e6 2. d4 d5 3. Nc3 Bb4 4. e5 b6 5. a3 Bf8 6. Nf3 Qd7 7. Bb5 Nc6 8. 0-0 Bb7 9. Qe2 Nge7 10. Be3 Nf5 11. b3 Be7 12. Rfd1 f6 13. Na4 0-0 14. Bd3 fxe5 15. dxe5 Qe8 16. c4 Qh5 17. b4 Nxe3 18. Qxe3 Rxf3 19. Qxf3 Qxf3 20. gxf3 Nxe5 21. Be2 dxc4 22. f4 Nf3+ 23. Bxf3 Bxf3 24. Re1 Bf6 25. Rac1 Rd8 26. Nc3 Rd4 27. Ne2 Re4 28. Ng3 Rxf4 29. Rxe6 b5 30. a4 bxa4 31. Ra6 a3 32. Rf1 Bb2 33. Rxa7 c3 0-1

[Event "Kuala Lumpur Interzonal (Women)"]
[Site "Kuala Lumpur"]
[Date "1990.??.??"]
[Round "7"]
[White "Akhsharumova, Anna M"]
[Black "Alexandria, Nana"]
[Result "1-0"]
[WhiteElo "2395"]
[BlackElo "2360"]
[PlyCount "75"]
[EventDate "1990.06.??"]
[EventType "tourn"]
[EventRounds "17"]
[EventCountry "MAS"]
[EventCategory "2"]
[SourceTitle "TD"]
[Source "ChessBase"]
[SourceDate "1994.03.01"]
[SourceVersion "1"]
[SourceVersionDate "1994.03.01"]
[SourceQuality "1"]

1. d4 Nf6 2. c4 e6 3. Nc3 Bb4 4. Qc2 c5 5. dxc5 Bxc5 6. Nf3 Qb6 7. e3 Qc7 8. Be2 Be7 9. 0-0 a6 10. e4 d6 11. Be3 b6 12. Rac1 Bb7 13. Nd2 Nbd7 14. f4 h5 15. Qd1 h4 16. h3 Rc8 17. Bf3 Nf8 18. Qe2 N6d7 19. Bh5 Qd8 20. b3 Bf6 21. e5 dxe5 22. Nde4 Be7 23. Ng5 g6 24. Bf3 Bxf3 25. Nxf3 Rh5 26. Ne4 Qc7 27. fxe5 Nxe5 28. Nxe5 Qxe5 29. Bxb6 Nd7 30. Bf2 f5 31. Nc3 Qxe2 32. Nxe2 e5 33. Rfd1 Nf6 34. Nc3 Kf7 35. Nd5 Ba3 36. Nxf6 Kxf6 37. Rc2 Rh7 38. c5 1-0

[Event "Kuala Lumpur Interzonal (Women)"]
[Site "Kuala Lumpur"]
[Date "1990.??.??"]
[Round "16"]
[White "Akhsharumova, Anna M"]
[Black "Maric, Alisa"]
[Result "0-1"]
[WhiteElo "2395"]
[BlackElo "2305"]
[PlyCount "120"]
[EventDate "1990.06.??"]
[EventType "tourn"]
[EventRounds "17"]
[EventCountry "MAS"]
[EventCategory "2"]
[SourceTitle "TD"]
[Source "ChessBase"]
[SourceDate "1994.03.01"]
[SourceVersion "1"]
[SourceVersionDate "1994.03.01"]
[SourceQuality "1"]

1. d4 Nf6 2. c4 e6 3. Nc3 Bb4 4. Qc2 0-0 5. a3 Bxc3+ 6. Qxc3 b6 7. Bg5 Bb7 8. Nh3 h6 9. Bh4 d5 10. cxd5 exd5 11. e3 Re8 12. Bd3 c5 13. 0-0 c4 14. Bc2 Nc6 15. f3 b5 16. Nf2 Qd6 17. Rad1 a5 18. e4 b4 19. Qd2 dxe4 20. fxe4 Red8 21. d5 Ne5 22. Qd4 b3 23. Bb1 Re8 24. Rd2 Nh5 25. Nd1 Ng4 26. e5 Nxe5 27. Ne3 g5 28. Nf5 Qf6 29. Ng3 Nf4 30. Nh5 Ne2+ 31. Rxe2 Nf3+ 32. gxf3 Qxd4+ 33. Bf2 Qh8 34. Rd2 c3 35. bxc3 Ba6 36. Bd4 Bxf1 37. Nf6+ Qxf6 38. Bxf6 Bb5 39. Bf5 Rab8 40. d6 Rb7 41. c4 Bd7 42. Bxd7 Rxd7 43. c5 Re1+ 44. Kf2 Rc1 45. Rd5 Kh7 46. Ke2 Kg6 47. Bd4 f6 48. Kd2 Rc2+ 49. Kd3 Kf7 50. Rf5 Ke6 51. Rxf6+ Kd5 52. Rxh6 Rc4 53. Bh8 Rxc5 54. h4 gxh4 55. Rxh4 Rxd6 56. f4 Kc6+ 57. Ke3 Rd1 58. Rh6+ Kb5 59. Bd4 Rd5 60. Bg7 Ka4 0-1

[Event "Kuala Lumpur Interzonal (Women)"]
[Site "Kuala Lumpur"]
[Date "1990.??.??"]
[Round "8"]
[White "Dahl, Ingrid"]
[Black "Akhsharumova, Anna M"]
[Result "0-1"]
[WhiteElo "2100"]
[BlackElo "2395"]
[PlyCount "56"]
[EventDate "1990.06.??"]
[EventType "tourn"]
[EventRounds "17"]
[EventCountry "MAS"]
[EventCategory "2"]
[SourceTitle "TD"]
[Source "ChessBase"]
[SourceDate "1994.03.01"]
[SourceVersion "1"]
[SourceVersionDate "1994.03.01"]
[SourceQuality "1"]

1. e4 e6 2. d4 d5 3. Nc3 Bb4 4. a3 Bxc3+ 5. bxc3 dxe4 6. Qg4 Nf6 7. Qxg7 Rg8 8. Qh6 Rg6 9. Qe3 Nc6 10. Bb2 Ne7 11. Nh3 Bd7 12. c4 Nf5 13. Qe2 c5 14. dxc5 Qa5+ 15. Qd2 Qxc5 16. Qb4 Qc7 17. 0-0-0 Bc6 18. Qd2 Ng4 19. Qc3 Rg8 20. Be2 h5 21. f3 Nge3 22. Rd2 Rd8 23. fxe4 Rxd2 24. Qxd2 Bxe4 25. Bd3 Rxg2 26. Qc3 Bxd3 27. Qxd3 Rxc2+ 28. Kb1 Qb6 0-1

[Event "Kuala Lumpur Interzonal (Women)"]
[Site "Kuala Lumpur"]
[Date "1990.??.??"]
[Round "15"]
[White "Gaprindashvili, Nona"]
[Black "Akhsharumova, Anna M"]
[Result "1-0"]
[WhiteElo "2435"]
[BlackElo "2395"]
[PlyCount "79"]
[EventDate "1990.06.??"]
[EventType "tourn"]
[EventRounds "17"]
[EventCountry "MAS"]
[EventCategory "2"]
[SourceTitle "TD"]
[Source "ChessBase"]
[SourceDate "1994.03.01"]
[SourceVersion "1"]
[SourceVersionDate "1994.03.01"]
[SourceQuality "1"]

1. d4 Nf6 2. c4 e6 3. Nc3 Bb4 4. Nf3 d5 5. Bg5 Nbd7 6. e3 c5 7. cxd5 exd5 8. Bd3 Qa5 9. Qc2 c4 10. Bf5 0-0 11. 0-0 Re8 12. Nd2 g6 13. Bh3 Bxc3 14. bxc3 Ne4 15. Nxe4 dxe4 16. Bh6 Nb6 17. Bxc8 Raxc8 18. f3 f5 19. Rab1 Rc7 20. fxe4 Qa4 21. Qf2 Rxe4 22. Qg3 Rf7 23. Rf4 Qxa2 24. Rbf1 Rxf4 25. Qxf4 Nd7 26. e4 Qe2 27. e5 a6 28. Qh4 Qe4 29. Qxe4 fxe4 30. Rb1 Nf8 31. d5 b5 32. e6 Re7 33. Rf1 Re8 34. Rf4 e3 35. Kf1 a5 36. Ke2 a4 37. Bxf8 Rxf8 38. e7 Re8 39. d6 a3 40. d7 1-0

[Event "Kuala Lumpur Interzonal (Women)"]
[Site "Kuala Lumpur"]
[Date "1990.??.??"]
[Round "17"]
[White "Gurieli, Nino"]
[Black "Akhsharumova, Anna M"]
[Result "1/2-1/2"]
[WhiteElo "2340"]
[BlackElo "2395"]
[PlyCount "106"]
[EventDate "1990.06.??"]
[EventType "tourn"]
[EventRounds "17"]
[EventCountry "MAS"]
[EventCategory "2"]
[SourceTitle "TD"]
[Source "ChessBase"]
[SourceDate "1994.03.01"]
[SourceVersion "1"]
[SourceVersionDate "1994.03.01"]
[SourceQuality "1"]

1. e4 c5 2. c3 e6 3. d4 d5 4. exd5 exd5 5. Bb5+ Nc6 6. Nf3 a6 7. Bxc6+ bxc6 8. 0-0 Bd6 9. dxc5 Bxc5 10. Ne5 Ne7 11. Bg5 Bb7 12. Nd2 0-0 13. Nb3 Bd6 14. Nf3 c5 15. Re1 Re8 16. Bh4 Qc7 17. Bg3 Red8 18. Bxd6 Qxd6 19. Na5 Rab8 20. Nxb7 Rxb7 21. Qe2 Ng6 22. g3 h6 23. Rad1 Qb6 24. b3 a5 25. Qd3 Qf6 26. h4 Rbb8 27. h5 Nf8 28. Kg2 Nh7 29. Re5 c4 30. Qe3 cxb3 31. axb3 Rxb3 32. Rdxd5 Rxd5 33. Rxd5 Nf8 34. Rxa5 Rxc3 35. Qe4 Qd8 36. Ra8 Rc8 37. Rxc8 Qxc8 38. Qd5 Nh7 39. Ne5 Qe8 40. Nd3 Nf6 41. Qf3 Qb5 42. Nf4 Qf5 43. Qa8+ Kh7 44. Qf3 Qd7 45. Nd3 Qb5 46. Nf4 Qf5 47. Qe2 Kg8 48. Qf3 Qe4 49. Qxe4 Nxe4 50. f3 Nf6 51. g4 Kf8 52. Kg3 Ke7 53. Ne2 g6 1/2-1/2

[Event "Kuala Lumpur Interzonal (Women)"]
[Site "Kuala Lumpur"]
[Date "1990.??.??"]
[Round "11"]
[White "Litynska, Marta"]
[Black "Akhsharumova, Anna M"]
[Result "1-0"]
[WhiteElo "2355"]
[BlackElo "2395"]
[PlyCount "151"]
[EventDate "1990.06.??"]
[EventType "tourn"]
[EventRounds "17"]
[EventCountry "MAS"]
[EventCategory "2"]
[SourceTitle "TD"]
[Source "ChessBase"]
[SourceDate "1994.03.01"]
[SourceVersion "1"]
[SourceVersionDate "1994.03.01"]
[SourceQuality "1"]

1. d4 d6 2. Nf3 Bg4 3. e3 Nf6 4. c4 c5 5. dxc5 Qa5+ 6. Bd2 Qxc5 7. Nc3 e6 8. Be2 Be7 9. Qb3 Qc8 10. 0-0 0-0 11. Rac1 Nbd7 12. Rfd1 Rd8 13. e4 b6 14. Re1 Qb7 15. Qc2 Rac8 16. Qb1 Bxf3 17. gxf3 Ne5 18. b3 Nc6 19. Bf1 Nh5 20. f4 Nd4 21. Bg2 e5 22. Nd5 exf4 23. Qb2 f3 24. Qxd4 fxg2 25. f4 Bf8 26. Re2 g6 27. f5 Re8 28. Kxg2 Re5 29. Bc3 Bh6 30. Rf1 Bg7 31. f6 Bf8 32. Qd1 Rce8 33. Bxe5 Rxe5 34. Rf5 Kh8 35. Rxe5 dxe5 36. b4 Qc6 37. Rf2 Qd7 38. Qf3 Bh6 39. Rf1 Bg5 40. h3 Qc6 41. a3 h6 42. c5 bxc5 43. Qc3 Nxf6 44. Qxe5 Kg7 45. b5 Qe6 46. Qxe6 fxe6 47. Nxf6 Bxf6 48. Rc1 Bd8 49. Kf2 Kf6 50. Ke3 g5 51. Kd3 Bb6 52. Rf1+ Ke5 53. Kc4 Kxe4 54. Rf6 h5 55. Rxe6+ Kf3 56. Rh6 h4 57. Rg6 Kg3 58. Rxg5+ Kxh3 59. a4 Kh2 60. Rg4 h3 61. Rg7 Kh1 62. Rg8 Kh2 63. Rg7 Kh1 64. Kd5 Kh2 65. a5 Bxa5 66. Rxa7 Bb6 67. Rg7 Kh1 68. Kc6 Ba5 69. Kxc5 Kh2 70. Kc4 Be1 71. b6 Bf2 72. b7 Ba7 73. Kd3 Kh1 74. Ke2 Kh2 75. Kf3 Kh1 76. Rg8 1-0

[Event "Olympiad Women-28"]
[Site "Thessaloniki"]
[Date "1988.11.29"]
[Round "14"]
[White "Akhsharumova, Anna M"]
[Black "De Armas Perez, Acela"]
[Result "1-0"]
[WhiteElo "2400"]
[BlackElo "2060"]
[PlyCount "127"]
[EventDate "1988.11.13"]
[EventType "team-swiss"]
[EventRounds "14"]
[EventCountry "GRE"]
[SourceTitle "EXT 2019"]
[Source "ChessBase"]
[SourceDate "2018.10.10"]
[SourceVersion "1"]
[SourceVersionDate "2018.10.10"]
[SourceQuality "1"]
[WhiteTeam "United States (W)"]
[BlackTeam "Cuba (W)"]
[WhiteTeamCountry "USA"]
[BlackTeamCountry "CUB"]

1. d4 Nf6 2. c4 d6 3. Nc3 Nbd7 4. e4 e5 5. d5 a5 6. Bd3 Nc5 7. Bc2 Bd7 8. Nf3 Be7 9. Be3 b6 10. h3 0-0 11. 0-0 Ne8 12. a3 g6 13. b4 Nb7 14. Ba4 Bxa4 15. Nxa4 axb4 16. axb4 f5 17. exf5 gxf5 18. Qc2 f4 19. Bd2 Bf6 20. Nc3 Rb8 21. Ne4 Qe7 22. Ra7 Qg7 23. Kh2 Kh8 24. Bc3 Nd8 25. Qe2 Nf7 26. Nxf6 Qxf6 27. Nd2 Ng5 28. Qg4 Rg8 29. g3 Rg6 30. h4 Nf7 31. Qh3 Nh6 32. Ne4 Qf8 33. Ng5 f3 34. Qd7 Nf6 35. Qxc7 Rc8 36. Nxh7 Rxc7 37. Nxf8 Rxa7 38. Nxg6+ Kg7 39. h5 Nxh5 40. Nh4 Ra3 41. Rc1 Nf6 42. Nxf3 Ne4 43. Bxe5+ dxe5 44. Nxe5 Kf6 45. Nd7+ Kf5 46. Rc2 Ng4+ 47. Kg1 Ra1+ 48. Kg2 Ra7 49. Nxb6 Rh7 50. d6 Rh2+ 51. Kf3 Ng5+ 52. Ke2 Rxf2+ 53. Kd3 Ne5+ 54. Kc3 Ne4+ 55. Kb3 Rf3+ 56. Ka4 Nxd6 57. c5 Ne4 58. b5 Nxc5+ 59. Rxc5 Ke4 60. Nc4 Nd3 61. Nd2+ Ke3 62. Nxf3 Nxc5+ 63. Kb4 Nb7 64. Nh2 1-0

[Event "Olympiad Women-28"]
[Site "Thessaloniki"]
[Date "1988.11.26"]
[Round "12"]
[White "Maric, Alisa"]
[Black "Akhsharumova, Anna M"]
[Result "1/2-1/2"]
[WhiteElo "2365"]
[BlackElo "2400"]
[PlyCount "49"]
[EventDate "1988.11.13"]
[EventType "team-swiss"]
[EventRounds "14"]
[EventCountry "GRE"]
[SourceTitle "EXT 2019"]
[Source "ChessBase"]
[SourceDate "2018.10.10"]
[SourceVersion "1"]
[SourceVersionDate "2018.10.10"]
[SourceQuality "1"]
[WhiteTeam "Yugoslavia (W)"]
[BlackTeam "United States (W)"]
[WhiteTeamCountry "YUG"]
[BlackTeamCountry "USA"]

1. Nf3 d6 2. d4 Nf6 3. c4 c6 4. Nc3 Nbd7 5. e4 e5 6. Be2 a6 7. 0-0 b5 8. b4 Rb8 9. Rb1 Qc7 10. Qc2 Be7 11. h3 0-0 12. Be3 Re8 13. Rfd1 exd4 14. Nxd4 Ne5 15. cxb5 cxb5 16. Rbc1 Bb7 17. Nf5 Bf8 18. Qb1 Nc4 19. Nd5 Nxd5 20. exd5 Re5 21. Bxc4 bxc4 22. Bd4 Rxd5 23. Ne3 Rg5 24. h4 Rh5 25. Rxc4 1/2-1/2

[Event "Olympiad Women-28"]
[Site "Thessaloniki"]
[Date "1988.11.25"]
[Round "11"]
[White "Chiburdanidze, Maia"]
[Black "Akhsharumova, Anna M"]
[Result "1/2-1/2"]
[WhiteElo "2535"]
[BlackElo "2400"]
[PlyCount "62"]
[EventDate "1988.11.13"]
[EventType "team-swiss"]
[EventRounds "14"]
[EventCountry "GRE"]
[SourceTitle "EXT 2019"]
[Source "ChessBase"]
[SourceDate "2018.10.10"]
[SourceVersion "1"]
[SourceVersionDate "2018.10.10"]
[SourceQuality "1"]
[WhiteTeam "Soviet Union (W)"]
[BlackTeam "United States (W)"]
[WhiteTeamCountry "URS"]
[BlackTeamCountry "USA"]

1. d4 e6 2. c4 Nf6 3. Nf3 Bb4+ 4. Bd2 c5 5. Bxb4 cxb4 6. g3 b6 7. Bg2 Bb7 8. 0-0 0-0 9. Nbd2 a5 10. Re1 d6 11. e4 Nfd7 12. Nh4 g6 13. f4 e5 14. fxe5 dxe5 15. d5 Nc5 16. Qe2 Bc8 17. Qe3 Nba6 18. Rf1 Ra7 19. Rf2 f6 20. Nhf3 Bg4 21. Ne1 Qd7 22. Bf3 Nc7 23. Bxg4 Qxg4 24. Nd3 N7a6 25. Nxc5 Nxc5 26. a3 bxa3 27. bxa3 a4 28. Rb1 Rb7 29. Kg2 Qc8 30. Rb4 Qb8 31. Nb1 f5 1/2-1/2